000 00960nam a2200217Ii 4500
003 JO-AjNU
008 230605s9999||||xx |||||||||||||| ||und||
017 _a2011/5/1717
040 _aJO-AjNU
_bara
_erda
_cJO-AjNU
041 _aara
050 1 4 _aKBP1667.L55.G42.2011
100 3 _a غرايبة ، محمد فهد محمد,
_eauthor
_949896
245 0 0 _aالدعوى القضائية والخصومة فيها " دراسة مقارنة بين الفقة والقانون "
250 _aط1
264 3 1 _aعمان : دار يافا ، 2011
300 _a708ص
_bيشتمل على قائمة المراجع الببلوغرافية ص ( 697 - 707 )
336 _atext
_btxt
_2rdacontent
337 _aunmediated
_bn
_2rdamedia
338 _avolume
_bnc
_2rdacarrier
650 4 _aالدعوى (فقه إسلامي) -- الدعوى المدنية -- قوانين وتشريعات -- الخصومة -- قوانين وتشريعات -- الأردن
_949897
999 _aA21945
_c25513
_d25513